Microeconomics: Principles, Problems, Policies (Record no. 5692)

MARC details
005 - DATE AND TIME OF LATEST TRANSACTION
control field 20250627144027.0
020 ## - INTERNATIONAL STANDARD BOOK NUMBER
International Standard Book Number 978-0-07-333695-4
082 ## - DEWEY DECIMAL CLASSIFICATION NUMBER
Classification number 330 McC
100 ## - MAIN ENTRY--PERSONAL NAME
Author name McCONNELL, R. C
245 ## - TITLE STATEMENT
Title Microeconomics: Principles, Problems, Policies
250 ## - EDITION STATEMENT
Edition statement 17th Ed.
260 ## - PUBLICATION, DISTRIBUTION, ETC.
Place of publication, distribution, etc. Boston
Name of publisher, distributor, etc. McGraw-Hill Irwin
Date of publication, distribution, etc. 2008.
300 ## - PHYSICAL DESCRIPTION
Extent xxvii,482p.: ill.; figures, tables
Other physical details Index, Glossary
Dimensions 25cm
700 ## - ADDED ENTRY--PERSONAL NAME
Other authors/Editors Stanley , L . Brue
942 ## - ADDED ENTRY ELEMENTS (KOHA)
Source of classification or shelving scheme Dewey Decimal Classification
Koha item type Books
Holdings
Date last seen Total checkouts Full call number Barcode Price effective from Koha item type Lost status Source of classification or shelving scheme Damaged status Not for loan Withdrawn status Home library Current library Shelving location Date acquired Source of acquisition Cost, replacement price Cost, normal purchase price
06/28/2025   339McC DOM0002610 06/27/2025 Books   Dewey Decimal Classification       CBE Dodoma CBE Dodoma General Collection 12/20/2010   195000.00 65000.00
06/27/2025   330 McC MZA0002432 06/27/2025 Books   Dewey Decimal Classification       CBE Mwanza CBE Mwanza General Collection 07/17/2017 Library Budget    
06/27/2025   330 McC MZA0002433 06/27/2025 Books   Dewey Decimal Classification       CBE Mwanza CBE Mwanza General Collection 07/17/2017 Library Budget    
06/27/2025   330 McC MZA0002434 06/27/2025 Books   Dewey Decimal Classification       CBE Mwanza CBE Mwanza General Collection 07/17/2017 Library Budget    
06/27/2025   330 McC MZA0002435 06/27/2025 Books   Dewey Decimal Classification       CBE Mwanza CBE Mwanza General Collection 07/17/2017 Library Budget    
06/27/2025   330 McC MZA0002436 06/27/2025 Books   Dewey Decimal Classification       CBE Mwanza CBE Mwanza General Collection 07/17/2017 Library Budget